Catálogo
 En Linea

Cartas a la sombra de tu piel / (Registro nro. 8383)

Detalles MARC
000 -CABECERA
campo de control de longitud fija 00636cam a22001937a 4500
001 - NÚMERO DE CONTROL
campo de control 000008613
005 - FECHA Y HORA DE LA ÚLTIMA TRANSACCIÓN
campo de control 20200929161355.0
008 - DATOS DE LONGITUD FIJA--INFORMACIÓN GENERAL
campo de control de longitud fija 021021s2002 mx 000 0 spa
010 ## - NÚMERO DE CONTROL DE LA BIBLIOTECA DEL CONGRESO
Número de control de LC 2002527195
040 ## - FUENTE DE LA CATALOGACIÓN
Centro catalogador/agencia de origen DO-SdBNP
Lengua de catalogación spa
Centro/agencia transcriptor BNPHU
082 ## - NÚMERO DE LA CLASIFICACIÓN DECIMAL DEWEY
Número de clasificación PR861.44
Número de documento/Ítem P293c
100 1# - ENTRADA PRINCIPAL--NOMBRE DE PERSONA
Nombre de persona Pastoriza Iyodo, Benito.
Fechas asociadas al nombre 1954-
9 (RLIN) 23042
245 10 - MENCIÓN DE TÍTULO
Título Cartas a la sombra de tu piel /
Mención de responsabilidad, etc. Benito Pastoriza Iyodo ; prólogo por Rose Mary Salum.
260 ## - PUBLICACIÓN, DISTRIBUCIÓN, ETC.
Lugar de publicación, distribución, etc. México :
Nombre del editor, distribuidor, etc. Editorial Tierra Firme,
Fecha de publicación, distribución, etc. [2002].
300 ## - DESCRIPCIÓN FÍSICA
Extensión 80 p. ;
Dimensiones 21 cm.
586 ## - NOTA DE PREMIOS
Nota de premios Premio voces selectas
650 #4 - PUNTO DE ACCESO ADICIONAL DE MATERIA--TÉRMINO DE MATERIA
Término de materia o nombre geográfico como elemento de entrada Poesía puertorriqueña
9 (RLIN) 1015
650 #4 - PUNTO DE ACCESO ADICIONAL DE MATERIA--TÉRMINO DE MATERIA
Término de materia o nombre geográfico como elemento de entrada Literatura puertorriqueña
9 (RLIN) 250
Existencias
Estado de retiro Estado de pérdida Restricciones de uso No para préstamo Código de colección Localización permanente Ubicación/localización actual Ubicación en estantería Fecha de adquisición Número de inventario Total de préstamos Signatura topográfica completa Código de barras Fecha visto por última vez Precio válido a partir de Tipo de ítem Koha
    Préstamo interno   Monografías: Libros y Folletos General General En catalogación 17.09.2009 LF1   PR861.44 P293c 8613-10 25.06.2020 25.06.2020 Préstamo interno
        Monografías: Libros y Folletos Patrimonio Dominicano Patrimonio Dominicano Orden iniciada 26.05.2017 LF1   PR861.44 P293c 8613-20 25.06.2020 25.06.2020 No se presta

Con tecnología Koha